| 000 | 00527nam a2200133Ia 4500 | ||
|---|---|---|---|
| 008 | 171207s9999 xx 000 0 und d | ||
| 100 | _aMaas, Karen | ||
| 245 | _aDistinguishing game changers from boastful charlatans: Which social enterprises measure their impact? | ||
| 245 | _cKaren Maas & Cecilia Grieco | ||
| 260 | _c2017 | ||
| 300 | _apages 110-128, March 2017 | ||
| 440 |
_aJournal of Social Entrepreneurship _v8:1 |
||
| 650 | _aSocial entrepreneurs, social entrepreneurship, impact measurement, performance measurement | ||
| 999 |
_c347592 _d347592 |
||